000
00229nam a22000857a 4500
008
161124b xxu||||| |||| 00| 0 eng d
100
_9
1342
_a
BPI India
245
_a
The Goatherd and the wild goath
260
_a
New Delhi
_b
BPI India
_c
2011
999
_c
4056
_d
4056